Podmienky a požiadavky efektívnej činnosti riadiaceho subjektu v adaptabilných organizačných štruktúrach ŠPZV VIII-3-4-20/IRB-3/1

Salvato in:
Dettagli Bibliografici
Natura: Libro
Lingua:slovacco
Pubblicazione: Bratislava VŠE 1983
Tags: Aggiungi Tag
Nessun Tag, puoi essere il primo ad aggiungerne!!

MARC

LEADER 00000nam a2200000 4500
001 c116944
005 20260325123639.9
041 0 |a slo 
044 |a SK 
245 1 0 |a Podmienky a požiadavky efektívnej činnosti riadiaceho subjektu v adaptabilných organizačných štruktúrach  |b ŠPZV VIII-3-4-20/IRB-3/1 
264 1 |a Bratislava  |b VŠE  |c 1983 
300 |a 115 s.